[Event "AUTO-BEG-433"]
[Site "http://www.queenalice.com/game.php?id=848735"]
[Date "2010.10.21"]
[Round "1"]
[White "swhatcher"]
[Black "Alkuin"]
[Result "0-1"]
[WhiteElo "1117"]
[BlackElo "1291"]

1. e4 c5 2. d4 cxd4 3. Qxd4 Nc6 4. Qe3 d6 5. f4 g6 6. b3 Bg7 7. c3 Nf6 8. Nd2
O-O 9. Ba3 Ng4 10. Qg3 Qa5 11. Bb2 e5 12. fxe5 Bxe5 13. Qe3 Nxe3 14. b4 Nxb4 15.
Kf2 Ng4+ 16. Kf3 f5 17. cxb4 fxe4+ 18. Kxe4 Bf5+ 19. Kf3 Qd5+ 20. Ke2 Qd3+ 21.
Ke1 Qe3+ 22. Be2 Bc2 23. Nh3 Qg3+ 0-1

[Event "AUTO-BEG-433"]
[Site "http://www.queenalice.com/game.php?id=848746"]
[Date "2010.10.21"]
[Round "1"]
[White "rayan10"]
[Black "swhatcher"]
[Result "1-0"]
[WhiteElo "1770"]
[BlackElo "1096"]

1. e4 e5 2. Nf3 d6 3. Bc4 f6 4. Nc3 Ne7 5. d4 exd4 6. Nxd4 c5 7. Ne6 Bxe6 8.
Bxe6 Nbc6 9. Nd5 Nxd5 10. exd5 Nd4 11. O-O Nxe6 12. dxe6 g5 13. Qh5+ Ke7 14.
Qf7# 1-0

[Event "AUTO-BEG-433"]
[Site "http://www.queenalice.com/game.php?id=848747"]
[Date "2010.10.21"]
[Round "1"]
[White "swhatcher"]
[Black "rayan10"]
[Result "0-1"]
[WhiteElo "1119"]
[BlackElo "1779"]

1. e4 e5 2. d3 Nf6 3. Nf3 Nc6 4. Nc3 Bc5 5. g3 d6 6. Be3 Bxe3 7. fxe3 h6 8. Qe2
O-O 9. O-O-O a6 10. a4 Bd7 11. b3 Nb4 12. d4 exd4 13. exd4 a5 14. e5 dxe5 15.
dxe5 Re8 16. h4 Qc8 17. Bh3 Bxh3 18. Nb5 Bg4 19. Qe4 Nxe4 20. Rd4 Bxf3 21. e6
Bxh1 22. exf7+ Kxf7 23. Rd1 Bg2 24. Rg1 Qf5 25. Rxg2 Qf1+ 0-1

[Event "AUTO-BEG-433"]
[Site "http://www.queenalice.com/game.php?id=848754"]
[Date "2010.10.21"]
[Round "1"]
[White "swhatcher"]
[Black "tiagotrevo"]
[Result "0-1"]
[WhiteElo "1117"]
[BlackElo "1335"]

1. e4 e5 2. f3 Bd6 3. d4 Nc6 4. dxe5 Bxe5 5. f4 Bd4 6. c3 Bxg1 7. Rxg1 Qh4+ 8.
g3 Qxh2 9. Rg2 Qh3 10. f5 h5 11. Nd2 Ne5 12. Rg1 Qh2 13. b4 Qxg1 14. a4 Qxg3+
15. Ke2 Nf6 16. Rb1 Nfg4 17. Qe1 Qe3+ 18. Kd1 Nf2+ 19. Qxf2 Qxf2 20. Rb2 Nf3 21.
Nxf3 Qxf3+ 22. Ke1 O-O 23. Be2 Qh1+ 24. Kf2 Qxc1 25. Rb3 Qf4+ 26. Bf3 Re8 27. c4
Rxe4 28. c5 Qd2+ 29. Kg3 Qg5+ 30. Kf2 Qxf5 31. b5 d5 32. cxd6 cxd6 33. Rd3 Qc5+
34. Kg3 h4+ 35. Kg2 Qc2+ 0-1

[Event "AUTO-BEG-433"]
[Site "http://www.queenalice.com/game.php?id=848755"]
[Date "2010.10.21"]
[Round "1"]
[White "tiagotrevo"]
[Black "swhatcher"]
[Result "0-1"]
[WhiteElo "1265"]
[BlackElo "1096"]

1. e4 e5 2. Nf3 f6 3. Bc4 c6 4. Bxg8 Rxg8 5. Nh4 d5 6. Qh5+ g6 7. Qxh7 Rg7 8.
Qh8 dxe4 9. O-O g5 10. Qh5+ Ke7 11. Ng6+ Kf7 12. g4 Rxg6 13. Qh7+ Bg7 14. Qh3 b5
15. Qb3+ Be6 16. Qe3 f5 17. gxf5 Bxf5 18. Nc3 Na6 19. f4 gxf4+ 0-1

[Event "AUTO-BEG-445"]
[Site "http://www.queenalice.com/game.php?id=871969"]
[Date "2010.12.14"]
[Round "1"]
[White "Severynnas"]
[Black "swhatcher"]
[Result "0-1"]
[WhiteElo "1343"]
[BlackElo "1099"]

1. d4 d5 2. f4 e6 3. Nc3 c5 4. dxc5 Bxc5 5. Nh3 Nc6 6. b3 d4 7. Ne4 f5 8. Nxc5
Qd5 9. Nd3 Qa5+ 10. Kf2 Nf6 11. b4 Nxb4 12. Qd2 Ne4+ 13. Ke1 Nxd2 14. Bxd2 O-O
15. Nxb4 Qc5 16. Nd3 Qxc2 0-1

[Event "AUTO-BEG-445"]
[Site "http://www.queenalice.com/game.php?id=871970"]
[Date "2010.12.14"]
[Round "1"]
[White "swhatcher"]
[Black "Severynnas"]
[Result "1-0"]
[WhiteElo "1112"]
[BlackElo "1278"]

1. e4 Nf6 2. d3 e5 3. d4 exd4 4. Qxd4 Bd6 5. Nf3 O-O 6. Bc4 b6 7. Ng5 Be7 8. e5
Nh5 9. Be2 g6 10. Nc3 Nc6 11. Qd1 Bb4 12. O-O a5 13. g4 Nxe5 14. Qd5 c6 15. Qxe5
f6 16. Qe3 Re8 17. Qf3 Bd6 18. Bc4+ Kg7 19. gxh5 gxh5 20. Qxh5 fxg5 21. Qf7+ Kh8
22. Bxg5 Be7 23. Bh6 d5 24. Qg7# 1-0

[Event "AUTO-BEG-445"]
[Site "http://www.queenalice.com/game.php?id=871981"]
[Date "2010.12.14"]
[Round "1"]
[White "deepblueII"]
[Black "swhatcher"]
[Result "1-0"]
[WhiteElo "1271"]
[BlackElo "1104"]

1. d4 Nc6 2. e3 e5 3. Bd3 f6 4. Qh5+ g6 5. Bxg6+ Ke7 6. Nc3 Bh6 7. Nd5+ Kf8 8.
Bf7 exd4 9. Bxg8 Qe8 10. Qxe8+ Kxe8 11. Nxc7+ Ke7 12. Nxa8 Rxg8 13. g3 b6 14.
Nc7 Kd6 15. Nb5+ Ke5 16. exd4+ Kd5 17. Ne2 Nb4 18. Nec3+ Kc6 19. Nxa7+ Kb7 20.
O-O Bxc1 21. Raxc1 d6 22. Nxc8 Kxc8 23. Rfe1 Kd7 24. a3 Nc6 25. d5 Nd4 26. Kg2
h5 27. Re4 Nf5 28. Ra4 Ke7 29. Ra7+ Kf8 30. Ne4 Rg6 31. Rd1 h4 32. g4 Rxg4+ 33.
Kf3 Rg6 34. Kf4 Ne7 35. Nxd6 Ng8 36. Nf7 Rg7 37. d6 Rxf7 38. d7 1-0

[Event "AUTO-BEG-445"]
[Site "http://www.queenalice.com/game.php?id=871982"]
[Date "2010.12.14"]
[Round "1"]
[White "swhatcher"]
[Black "deepblueII"]
[Result "0-1"]
[WhiteElo "1095"]
[BlackElo "1331"]

1. e4 e5 2. d3 Nc6 3. Nf3 d6 4. Nc3 Nf6 5. Be2 Be7 6. O-O Nd4 7. Nxd4 exd4 8.
Na4 Bd7 9. b3 h6 10. f4 b5 11. Nb2 O-O 12. e5 dxe5 13. fxe5 Nd5 14. Bf3 c6 15.
g4 Bg5 16. Qe2 Bxc1 17. Raxc1 Nc3 18. Qd2 Nxa2 19. Ra1 Nc3 20. Nd1 Nxd1 21. Qxd1
Qg5 22. Qe2 Rae8 23. Qe4 Rxe5 24. h4 Qe3+ 25. Qxe3 dxe3 26. Rxa7 Rd8 27. Re1 c5
28. Re2 f5 29. g5 f4 30. gxh6 Kh7 31. hxg7 Kxg7 32. h5 Kh6 33. Ra6+ Re6 34.
Rxe6+ Bxe6 35. Kf1 Bh3+ 36. Ke1 Rg8 37. Kd1 Rg1+ 38. Re1 Rg3 39. Ke2 Bg4 40.
Bxg4 Rxg4 41. c4 Rg2+ 42. Kf3 Rf2+ 43. Kg4 b4 44. Kh4 Rg2 45. Ra1 e2 46. Ra6+
Kg7 47. h6+ Kh7 48. Ra7+ Kxh6 49. Ra6+ Rg6 50. Ra1 f3 51. Kh3 f2 0-1

[Event "AUTO-BEG-445"]
[Site "http://www.queenalice.com/game.php?id=871987"]
[Date "2010.12.14"]
[Round "1"]
[White "dlabedz"]
[Black "swhatcher"]
[Result "1-0"]
[WhiteElo "1197"]
[BlackElo "1125"]

1. d4 Nc6 2. d5 Ne5 3. e3 e6 4. e4 Nf6 5. b3 exd5 6. c4 dxc4 7. Bxc4 Nxe4 8. Qd4
Qe7 9. h4 f5 10. Nc3 Nxc3 11. Bg5 Nxc4+ 12. Kf1 Qe4 13. Qxc3 Ne5 14. Rd1 d6 15.
Rh3 b6 16. Re3 Qxe3 17. Qxe3 Ba6+ 18. Ke1 h6 19. g4 hxg5 20. gxf5 Rxh4 21. Kd2
Bc8 22. Nf3 Bxf5 23. Nxh4 Be7 24. Qd4 Bg4 25. Rh1 c5 26. Qd5 Rc8 27. Ng2 Nf3+
28. Kc1 Kf8 29. Rh8# 1-0

[Event "AUTO-BEG-445"]
[Site "http://www.queenalice.com/game.php?id=871988"]
[Date "2010.12.14"]
[Round "1"]
[White "swhatcher"]
[Black "dlabedz"]
[Result "0-1"]
[WhiteElo "1135"]
[BlackElo "1202"]

1. e4 d5 2. exd5 Qxd5 3. d4 Qe4+ 4. Be2 e6 5. f3 Qc6 6. c3 h6 7. Nh3 b5 8. O-O
Nd7 9. Nf4 Ndf6 10. Na3 a6 11. Be3 g5 12. Nd3 Nd5 13. Bf2 Bb7 14. Ne5 Qd6 15.
Qd2 Nf4 16. g3 Nxe2+ 17. Qxe2 Qe7 18. Rad1 Qf6 19. h4 gxh4 20. gxh4 O-O-O 21.
Rd3 h5 22. Bg3 Qg7 23. Kf2 Bd6 24. Nc2 f6 25. Ng6 Qxg6 26. Bxd6 Rxd6 27. Rg1 Qf5
28. Ne3 Qf4 29. a3 Nh6 30. Ng2 Qf5 31. b3 Re8 32. c4 Ng4+ 33. Ke1 Nh2 34. cxb5
Nxf3+ 35. Kf2 Nxd4+ 36. Ke3 Nxe2 37. Rxd6 cxd6 38. Kxe2 Qxb5+ 39. Kf2 Qxb3 40.
Rc1+ Kd7 41. Nf4 Qb2+ 42. Ne2 Rg8 43. Ke1 Rg4 44. a4 Bf3 0-1

[Event "Challenge"]
[Site "http://www.queenalice.com/game.php?id=873533"]
[Date "2010.12.18"]
[Round "-"]
[White "wvulcanis"]
[Black "swhatcher"]
[Result "1-0"]
[WhiteElo "1638"]
[BlackElo "1110"]

1. e4 e5 2. Nf3 d5 3. exd5 Qxd5 4. Nc3 Qe6 5. Bb5+ c6 6. Ba4 e4 7. Nd4 Qg6 8.
Nce2 Qxg2 9. Ng3 b5 10. Bb3 Bd6 11. Bxf7+ Kxf7 12. Qh5+ g6 13. Qh4 Bc5 14. Qf4+
Nf6 15. Qc7+ Bd7 16. Qe5 Bxd4 17. Qxd4 Re8 18. b4 Ng4 19. Bb2 Re5 20. O-O-O Nxf2
21. Rhf1 Ke6 22. Rxf2 Qh3 23. Qxe5# 1-0

[Event "Challenge"]
[Site "http://www.queenalice.com/game.php?id=875019"]
[Date "2010.12.22"]
[Round "-"]
[White "wvulcanis"]
[Black "swhatcher"]
[Result "1-0"]
[WhiteElo "1690"]
[BlackElo "1106"]

1. e4 e5 2. Nf3 d5 3. exd5 Qxd5 4. Nc3 Qd6 5. Bc4 Nf6 6. O-O c5 7. Ng5 Qd4 8.
Bxf7+ Ke7 9. h3 h6 10. Nf3 Qd6 11. Bb3 g5 12. g4 h5 13. d3 hxg4 14. Nh2 Rxh3 15.
Bxg5 e4 16. Nd5+ Ke6 17. Nxf6+ Kf5 18. Qxg4+ Kg6 19. Bf4+ Bxg4 20. Bxd6 Bxd6 21.
Nfxg4 Nc6 22. Rae1 Bxh2+ 23. Nxh2 Rg8 24. Bxg8 Nd4 25. c3 Rxd3 26. cxd4 cxd4 27.
Rxe4 Rd2 28. Rf4 Rxb2 29. Kh1 d3 30. Rg1+ Kh5 31. Bf7+ 1-0

[Event "Challenge"]
[Site "http://www.queenalice.com/game.php?id=895709"]
[Date "2011.2.4"]
[Round "-"]
[White "cyrano"]
[Black "swhatcher"]
[Result "1-0"]
[WhiteElo "1635"]
[BlackElo "1122"]

1. e4 e5 2. d4 Qe7 3. f4 exf4 4. e5 Nc6 5. Bxf4 Qh4+ 6. g3 Qe7 7. Nf3 Na5 8. Qd2
b6 9. b4 Nc4 10. Bxc4 Bb7 11. Rf1 O-O-O 12. a3 a5 13. bxa5 bxa5 14. Qxa5 d6 15.
Nc3 Qd7 16. Rb1 c5 17. Qa7 dxe5 18. Bxe5 Bd6 19. Bxd6 Re8+ 20. Be5 Rxe5+ 21.
Nxe5 Qe7 22. Nd5 Bxd5 23. Qa6+ Bb7 24. Qa5 cxd4 25. Rxf7 Qxf7 26. Nxf7 Nf6 27.
Nd6+ Kd7 28. Nxb7 Re8+ 29. Kd2 Ne4+ 30. Kd3 Nf2+ 31. Kxd4 Re4+ 32. Kd5 g6 33.
Qd8# 1-0

[Event "Challenge"]
[Site "http://www.queenalice.com/game.php?id=951674"]
[Date "2011.6.19"]
[Round "-"]
[White "zmanomega"]
[Black "swhatcher"]
[Result "1-0"]
[WhiteElo "1500"]
[BlackElo "1094"]

1. d4 d5 2. c3 Nf6 3. Nf3 c6 4. Ne5 Nbd7 5. Bf4 h6 6. f3 g5 7. Nxd7 Qxd7 8. Be3
e6 9. h4 g4 10. h5 b6 11. Nd2 c5 12. dxc5 bxc5 13. Qc2 d4 14. cxd4 cxd4 15. Bf2
gxf3 16. gxf3 Rg8 17. O-O-O Rg5 18. Ne4 Nxe4 19. fxe4 Ra5 20. a3 f5 21. Bxd4
fxe4 22. Rh3 Qf7 23. Qxe4 Rb8 24. Qc6+ Bd7 25. Qc2 Ba4 26. Qc3 Bxd1 27. Rf3 Qd7
28. Kxd1 Rxh5 29. Ke1 Rc8 30. Qe3 Rd5 31. Rf4 Be7 32. Rg4 Bg5 33. Qb3 Rxd4 34.
Rxd4 Qxd4 35. Qxe6+ Kd8 36. Qg8+ Kd7 37. Bh3+ Ke7 38. Qxc8 Qd2+ 39. Kf2 Qxb2 40.
Qd7+ Kf6 41. Qe6+ Kg7 42. Qd7+ Kf8 43. Qc8+ Kf7 44. Be6+ Kg6 45. Qe8+ Kf6 46.
Qh8+ 1-0